Znane agresywne państwa - Statystyki

Ogólne statystyki
  • Ten quiz został rozwiązany 131 razy
    107 od ostatniego zresetowania
  • Średni wynik to 8 z 10
Statystyki odpowiedzi
Zły stosunek do: Złe państwo % Poprawnych
Ukrainy Rosja
100%
Tajwanu Chiny
96%
Korei Południowej Korea Północna
96%
Kosowa Serbia
87%
Ukrainy Białoruś
86%
Izraelu Iran
82%
Grecji Turcja
81%
Pakistanu Indie
78%
Indii Pakistan
76%
USA Afganistan
52%
Nie znaleziono quizów pasujących do podanych kryteriów
Rozkład punktacji
Procent ludzi z każdym wynikiem
Percentyl według liczby udzielonych odpowiedzi
Twoja historia wyników
Nie rozwiązałeś tego quizu od ostatniego zresetowania